| 000 | 00396nam a22001697a 4500 | ||
|---|---|---|---|
| 003 | NUST | ||
| 020 | _a978-93-80501-840 | ||
| 038 | _akhadija | ||
| 082 |
_a620.1 _bATK |
||
| 100 |
_aAtkins, Tony _982858 |
||
| 245 | _aThe Science & Engineering of Cutting / | ||
| 260 |
_aNew York : _bElsevier, Place _c2011. |
||
| 300 | _a413 p. ; | ||
| 500 | _aPaperback. | ||
| 563 | _aPB | ||
| 942 |
_cBK _2ddc |
||
| 999 |
_c32846 _d32846 |
||